MARC details
| 000 -LÍDER |
| campo de controle de tamanho fixo |
01677nam a2200313 4500 |
| 001 - NÚMERO DE CONTROLE |
| campo de controle |
229 |
| 003 - IDENTIFICADOR DO NÚMERO DE CONTROLE |
| campo de controle |
OSt |
| 005 - DATA E HORÁRIO DA ÚLTIMA TRANSAÇÃO |
| campo de controle |
20250528074015.0 |
| 008 - CAMPO DE DADOS FIXOS--INFORMAÇÃO GERAL |
| campo de controle de tamanho fixo |
250204b |||||||g |||| 00| 1 eng d |
| 020 ## - ISBN - INTERNATIONAL STANDARD BOOK NUMBER |
| ISBN - International Standard Book Number |
8533602197 |
| 040 ## - FONTE DA CATALOGAÇÃO |
| Idioma da catalogação |
por |
| 041 ## - CÓDIGO DE IDIOMA |
| Código do idioma do original e/ou traduções intermediárias do texto |
spa |
| Código do idioma do texto/trilha sonora ou título diferente |
por |
| 082 ## - CDD - CLASSIFICAÇÃO DECIMAL DE DEWEY |
| Número de Classificação |
m860 |
| Número do exemplar |
E77c |
| 100 1# - ENTRADA PRINCIPAL--NOME PESSOAL |
| Nome pessoal |
Esquivel, Laura, |
| Datas associadas ao nome |
1950- |
| 9 (RLIN) |
425 |
| 240 ## - TÍTULO UNIFORME |
| Título uniforme |
Como agua para chocolate |
| 245 ## - TÍTULO |
| Título |
Como água para chocolate / |
| Indicação de responsabilidade, etc. |
Esquivel, Laura ; Tradução de Olga Savary |
| 260 ## - PUBLICAÇÃO, DISTRIBUIÇÃO, ETC. |
| Local de publicação, distribuição, etc. |
São Paulo |
| Nome do editor, distribuidor, etc. |
Martins Fontes |
| Data da publicação, distribuição, etc. |
1993 |
| 300 ## - DESCRIÇÃO FÍSICA |
| Extensão |
205 p. |
| 520 ## - NOTA DE RESUMO, ETC. |
| Resumo, etc. |
Uma novela surpreendente, inolvidável, cujo tema gira em torno de um amor impossível para que a consequência do protagonista se repita nas artes culinárias. Sob a aparência de um folheto por entregas e encabezando cada capítulo com uma receita, esta história mágica converte a gastronomia em um código de sensualidade carregado de aromas penetrantes, de cores deslumbrantes. Tita é a pequena, vive num rancho com suas irmãs e suas servas, e pese a saber se condenada a não poder gozar do amor por ter que fazer carga de sua mãe, não renunciará a Pedro. Ele também ama, mas se casará com sua irmã Rosaura para poder segui-la. Tita se refugia na cozinha e se entrega à elaboração de pratos mágicos capazes de transformar as emoções e o comportamento de quem deseja experimentar, na esperança de que seu trágico destino se cumpra. |
| 650 #0 - ASSUNTO--TERMO TÓPICO |
| Cabeçalho tópico ou nome geográfico |
literatura mexicana |
| 9 (RLIN) |
426 |
| 650 #0 - ASSUNTO--TERMO TÓPICO |
| Cabeçalho tópico ou nome geográfico |
Culinária |
| 9 (RLIN) |
427 |
| 650 #0 - ASSUNTO--TERMO TÓPICO |
| Cabeçalho tópico ou nome geográfico |
Amor e Paixão |
| 9 (RLIN) |
25 |
| 650 #0 - ASSUNTO--TERMO TÓPICO |
| Cabeçalho tópico ou nome geográfico |
Familia |
| 9 (RLIN) |
35 |
| 650 #0 - ASSUNTO--TERMO TÓPICO |
| Cabeçalho tópico ou nome geográfico |
Histórico |
| 9 (RLIN) |
53 |
| 655 #0 - TERMO DE ÍNDICE--GÊNERO E FORMA |
| Gênero/forma/ou termo foco |
Romance |
| 655 #0 - TERMO DE ÍNDICE--GÊNERO E FORMA |
| Gênero/forma/ou termo foco |
Ficção |
| 700 ## - ENTRADA ADICIONADA - NOME PESSOAL |
| Nome pessoal |
Olga Savary |
| Função do autor por extenso |
Tradutor |
| 9 (RLIN) |
428 |
| 942 ## - ELEMENTOS DE ENTRADA ADICIONADOS (KOHA) |
| Fonte de classificação ou esquema de arquivamento |
Classificação decimal de Dewey |
| Ocultar no OPAC |
Não |
| Tipo de material Koha |
Livros |